Города Чечни - Statistics

General Stats
  • This quiz has been taken 78 times
  • The average score is 5 of 11
Answer Stats
Население Город % Correct
333 672 Грозный
100%
65 698 Урус-Мартан
61%
57 060 Шали
61%
66 352 Гудермес
59%
43 456 Аргун
52%
31 286 Ачхой-Мартан
38%
11 165 Наурская
33%
24 802 Курчалой
31%
13 538 Шелковская
30%
19 992 Ойсхара
21%
13 094 Серноводское
20%
No matching quizzes found
Score Distribution
Percent of People with Each Score
Percentile by Number Answered
Your Score History
You have not taken this quiz